| 000 | 00703nam a22002537a 4500 | ||
|---|---|---|---|
| 003 | OSt | ||
| 005 | 20220107122846.0 | ||
| 008 | 181130b xxu||||| |||| 00| 0 eng d | ||
| 020 | _a9780134846019 | ||
| 040 | _cIIITMK | ||
| 082 | _a006.312 AVE/D | ||
| 100 |
_aAven, Jeffrey _915114 |
||
| 245 |
_aData analytics with spark using python _cJeffrey Aven |
||
| 260 |
_aBoston, _bAddison Wesley, _c2018. |
||
| 300 | _ax, 306p | ||
| 650 |
_aCOMPUTER SCIENCE _916673 |
||
| 650 |
_aDATA ANALYTICS _916674 |
||
| 650 |
_aBIG DATA ANALYTICS _916675 |
||
| 650 |
_aCOMPUTER PROGRAMMING _916676 |
||
| 650 |
_aPROGRAMMING LANGUAGE _916677 |
||
| 650 |
_aPYTHON _916678 |
||
| 650 |
_aSPARK _916679 |
||
| 942 |
_2ddc _cBK |
||
| 999 |
_c6284 _d6284 |
||